Lineamientos para la implementacion del enfoque poblacional diferencial / (Registro nro. 35761)

Detalles MARC
000 -CABECERA
Longitud fija campo de control 01352nam a2200289 a 4500
003 - • IDENTIFICADOR DELl NÚMERO DE CONTROL
Identificador del número de control CO-ViMGA
005 - • FECHA Y HORA DE LA ÚLTIMA TRANSACCIÓN
Fecha y hora de la última transacción 20230915233140.0
008 - • CÓDIGOS DE INFORMACIÓN DE LONGITUD FIJA
Códigos de información de longitud fija 150219s2014 ck a gr 00110 spa d
020 ## - • NÚMERO INTERNACIONAL NORMALIZADO PARA LIBROS
Número Internacional Normalizado para Libros (ISBN) 9789588321738
040 ## - FUENTE DE LA CATALOGACIÓN
Centro catalogador de origen CO-ViMGA
Lengua de catalogación spa
Centro transcriptor CO-ViMGA
043 ## - CÓDIGO DE ÁREA GEOGRÁFICA
Código de área geográfica s-ck---
082 04 - • NÚMERO DE LA CLASIFICACIÓN DECIMAL DEWEY
Número de clasificación (R) 306.44
Número del ítem B64l6
Número de edición 21
110 2# - • PUNTO DE ACCESO PRINCIPAL-NOMBRE DE ENTIDAD CORPORATIVA
Nombre de entidad corporativa o nombre de jurisdicción como elemento inicial Bogotá (Colombia).
Unidad subordinada Alcaldía Mayor.
-- Secretaría de Cultura, Recreación y Deporte.
-- Dirección de Arte, Cultura y Patrimonio.
240 10 - • TÍTULO UNIFORME
Título uniforme <a href="Bogotá-Bibliografía regional">Bogotá-Bibliografía regional</a>
245 10 - • TITULO PROPIAMENTE DICHO
Título Lineamientos para la implementacion del enfoque poblacional diferencial /
Mención de responsabilidad, etc. Secretaría de Cultura, Recreación y Deporte. Dirección de Arte, Cultura y Patrimonio.
300 ## - • DESCRIPCI&Oacute;N F&Iacute;SICA
Extensión 78 páginas :
Otras características físicas ilustraciones ;
Dimensiones 21 cm.
490 1# - • MENCI&Oacute;N DE SERIE
Mención de serie Caminos para el Hacer
650 14 - • PUNTO DE ACCESO ADICIONAL DE MATERIA - T&Eacute;RMINO DE MATERIA
Término de materia o nombre geográfico como elemento inicial Multiculturalismo
Subdivisión geográfica Bogotá (Colombia)
650 14 - • PUNTO DE ACCESO ADICIONAL DE MATERIA - T&Eacute;RMINO DE MATERIA
Término de materia o nombre geográfico como elemento inicial Cultura popular
Subdivisión geográfica Bogotá (Colombia)
650 14 - • PUNTO DE ACCESO ADICIONAL DE MATERIA - T&Eacute;RMINO DE MATERIA
Término de materia o nombre geográfico como elemento inicial Dinámica de la población
Subdivisión geográfica Bogotá (Colombia)
650 14 - • PUNTO DE ACCESO ADICIONAL DE MATERIA - T&Eacute;RMINO DE MATERIA
Término de materia o nombre geográfico como elemento inicial Grupos étnicos
Subdivisión geográfica Bogotá (Colombia)
650 14 - • PUNTO DE ACCESO ADICIONAL DE MATERIA - T&Eacute;RMINO DE MATERIA
Término de materia o nombre geográfico como elemento inicial Política cultural
Subdivisión geográfica Bogotá (Colombia)
942 ## - ENTRADA DE ELEMENTOS AGREGADOS (KOHA)
Fuente de clasificaión o esquema Dewey Decimal Classification
Koha [por defecto] tipo de item LIbro
949 ## - TRATAMIENTO DE LA INFORMACI&Oacute;N LOCAL (OCLC)
a n
b n
Existencias
Perdido Fuente de clasificaci&oacute;n o esquema Estado Físico No para pr&eacute;stamo Forma de adquisición Localizaci&oacute;n permanente Localizaci&oacute;n actual Fecha adquisici&oacute;n Pr&eacute;stamos totales Signatura completa C&oacute;digo de barras Fecha &uacute;ltima consulta N&uacute;mero de copia Fecha del precio de reemplazo Tipo de item de Koha
  Dewey Decimal Classification     Sala General Segundo Piso Biblioteca Pública Germán Arciniegas - Villavicencio Biblioteca Pública Germán Arciniegas - Villavicencio 08/26/2016   306.44 B64l6 30487 08/26/2016 Ej.1 08/26/2016 LIbro









Instituto Departamental de Cultura del Meta - Red Departamental de Bibliotecas Públicas del Meta.